000 00776nam a2200253 i 4500
001 000039447
003 DO-SdBNP
005 20240226131943.0
007 ta
008 130628s1940 dr 000 0 spa d
040 _aDO-SdBNP
_bspa
_cBNPHU
_erda
082 4 _222
100 1 _aAvelino, Andrés,
_d1900-1974
_931875
245 1 0 _aMetafisíca categorial /
_cAndres Avelino.
264 1 _aCiudad Trujillo, República Dominicana :
_bMontalvo,
_c1940.
300 _a417 páginas ;
_c19 cm.
336 _2rdacontent
_atexto
_btxt
337 _2rdamedia
_asin mediación
_bn
338 _2rdacarrier
_avolumen
_bnc
500 _aIncluye referencias bibliográficas y notas al pie de las páginas
590 _aInventariado, 2023/BT
910 _aBtavárez
942 _2ddc
_cLBS1
999 _c38937
_d38937